000 00690nam a2200205Ia 4500
001 17122
003 GE_BSU
008 181216s||||||||xx |||||||||||||| ||und||
040 _cGE_BSU
080 _a821.353.1-1
100 _aგელოვანი, მ. (მირზა, 1917-1944)
245 _aთეთრი მიწა
245 _cვ. ბეწუკელის ბოლოსიტყვ. რედ.დ.ციგროშვილი
260 _aთბილისი
260 _bსაბჭ. საქართველო
260 _c1972
300 _a325 გვ. : 1 ფ. პორტრ. ; 17 სმ
653 _aთეთრი მიწა
942 _cBK
999 _c50184
_d50184